Los 100 españoles con más goles en La Liga - Estadísticas

Estadísticas generales
  • Esta prueba ha sido intentada 303 veces
  • La puntuación promedio es 23 de 100
Estadísticas de respuestas
Goles Jugador % Correcto
228 Raúl
92%
185 Villa
88%
102 Fernando Torres
86%
77 Sergio Ramos
71%
58 Xavi
70%
165 Iago Aspas
69%
158 Aduriz
63%
71 Morata
62%
58 Pedro
62%
251 Zarra
58%
123 Butragueño
57%
227 Di Stefano
57%
79 Joaquín
53%
119 Gerard Moreno
52%
43 Marcos Llorente
51%
124 Morientes
51%
96 Llorente
50%
73 Diego Costa
48%
73 Luis García
46%
110 Raúl García
46%
129 Soldado
46%
127 Negredo
44%
105 Hierro
43%
51 Güiza
41%
128 Gento
37%
186 Santillana
36%
80 Williams
35%
80 Oyarzabal
34%
107 Pichi Alonso
34%
93 Rubén Castro
33%
219 Quini
32%
160 Luis Aragonés
30%
102 Luis Enrique
30%
60 Borja Iglesias
27%
68 Joselu
26%
73 Jorge Molina
24%
94 Juanito
24%
54 Paco Alcácer
24%
146 Tamudo
24%
97 Míchel
23%
123 Pirri
22%
221 César
21%
107 Mariano Martín
21%
96 Diego Tristán
20%
152 Julio Salinas
20%
94 Víctor Fernández
20%
101 Julen Guerrero
19%
119 Amancio
18%
75 Parejo
18%
44 Mayoral
16%
60 Nolito
14%
131 Urzaiz
14%
139 Bakero
13%
147 Dani
13%
61 Luque
12%
109 Fernando Gómez
11%
138 Kubala
11%
41 Sandro
11%
84 Alfonso
10%
212 Pahiño
10%
86 Salva Ballesta
10%
85 Etxeberría
9%
44 Munir
9%
133 Satrústegui
9%
53 Xabi Prieto
9%
58 Agirretxe
8%
49 Canales
8%
195 Mundo
8%
92 Pizzi
8%
182 Arza
7%
111 López Ufarte
7%
101 Sarabia
6%
50 Yeste
5%
109 Gárate
4%
101 Campanal
3%
111 Carlos Muñoz
3%
178 Gorostiza
3%
90 Begiristain
2%
150 Escudero
2%
120 Gainza
2%
104 Lángara
2%
136 Panizo
2%
111 Ziganda
2%
130 Ansola
1%
139 Araujo
1%
55 Argote
1%
127 Arieta
1%
127 Campos
1%
124 Epi
1%
112 Uralde
1%
108 Artetxe
0%
139 Badenes
0%
108 Bata
0%
104 Hermidita
0%
126 Herrerita
0%
141 Igoa
0%
114 Juncosa
0%
116 Marañón
0%
132 Murillo
0%
101 Unamuno I
0%
No se encontraron pruebas coincidentes
Distribución de puntuación
Porcentaje de gente con cada puntuación
Porcentaje por número respondido
Historial de tus puntuaciones
No has intentado esta prueba.